000
00446nam a2200145Ia 4500
008
100122s9999 xx 000 0 und d
082
_b
22100
_a
823
100
_a
हसमनीस द का
245
_a
छंद प्रीतीचा
260
_b
मनमोहिनी प्रकाशन
_c
1975
300
_a
118
630
_a
छंद प्रीतीचा
730
_a
छंद प्रीतीचा
942
_c
BOOK
999
_c
410054
_d
410051